Активный тепловой контроль вращающихся печей; Известия Томского политехнического университета [Известия ТПУ]; Т. 308, № 5

Dettagli Bibliografici
Parent link:Известия Томского политехнического университета [Известия ТПУ]/ Томский политехнический университет (ТПУ).— , 2000-
Т. 308, № 5.— 2005.— [С. 110-114]
Autore principale: Торгунаков В. Г. Владимир Григорьевич
Altri autori: Суханов М. С.
Riassunto:Заглавие с титульного листа
Электронная версия печатной публикации
Рассмотрены способы активного воздействия на внешнюю поверхность вращающихся печей для повышения достоверности идентификации дефектов внутреннего слоя при тепловом контроле.
Lingua:russo
Pubblicazione: 2005
Serie:Технические науки
Soggetti:
Accesso online:http://www.lib.tpu.ru/fulltext/v/Bulletin_TPU/2005/v308/i5/24.pdf
Natura: Elettronico Capitolo di libro
KOHA link:https://koha.lib.tpu.ru/cgi-bin/koha/opac-detail.pl?biblionumber=170718

MARC

LEADER 00000nla2a2200000 4500
001 170718
005 20231031163747.0
035 |a (RuTPU)RU\TPU\book\185123 
035 |a RU\TPU\book\185120 
090 |a 170718 
100 |a 20091125d2005 k y0rusy50 ca 
101 0 |a rus 
102 |a RU 
135 |a drnn ---uucaa 
181 0 |a i  
182 0 |a b 
200 1 |a Активный тепловой контроль вращающихся печей  |b Электронный ресурс  |f В. Г. Торгунаков, М. С. Суханов 
203 |a Текст  |c электронный 
215 |a 1 файл (185 Кб) 
225 1 |a Технические науки 
230 |a Электронные текстовые данные (1 файл : 185 Кб) 
300 |a Заглавие с титульного листа 
300 |a Электронная версия печатной публикации 
320 |a [Библиогр.: с. 114 (10 назв.)] 
330 |a Рассмотрены способы активного воздействия на внешнюю поверхность вращающихся печей для повышения достоверности идентификации дефектов внутреннего слоя при тепловом контроле. 
337 |a Adobe Reader 
461 1 |0 (RuTPU)RU\TPU\book\176237  |t Известия Томского политехнического университета [Известия ТПУ]  |f Томский политехнический университет (ТПУ)  |d 2000- 
463 1 |0 (RuTPU)RU\TPU\book\185053  |t Т. 308, № 5  |v [С. 110-114]  |d 2005  |p 231 с. 
610 1 |a тепловой контроль 
610 1 |a вращающиеся печи 
610 1 |a способы 
610 1 |a воздействия 
610 1 |a внешние поверхности 
610 1 |a идентификация 
610 1 |a дефекты 
610 1 |a внутренние слои 
610 1 |a труды учёных ТПУ 
610 1 |a электронный ресурс 
700 1 |a Торгунаков  |b В. Г.  |g Владимир Григорьевич 
701 1 |a Суханов  |b М. С. 
801 1 |a RU  |b 63413507  |c 20090623  |g PSBO 
801 2 |a RU  |b 63413507  |c 20211012  |g PSBO 
856 4 |u http://www.lib.tpu.ru/fulltext/v/Bulletin_TPU/2005/v308/i5/24.pdf 
942 |c CF